[Event "Slovakian-ch Youth 2022"]
[Site "Lubovna"]
[Date "2022.05.28"]
[Round "9.4"]
[White "Horny, Michal"]
[Black "Hall, Richard V M"]
[Result "1-0"]
[WhiteElo "1109"]
[BlackElo "2015"]
[Annotator "TA"]
[PlyCount "59"]
[EventDate "2022.05.22"]
[EventCountry "SVK"]
[SourceTitle "playchess.com"]
[Source "ChessBase"]
[SourceQuality "1"]

1. e4 e5 2. Nf3 Nc6 3. Bc4 Nh6 4. h3 Nd4 5. c3 Nxf3+ 6. Qxf3 a6 7. d3 b5 8. Bb3 a5 9. Bxh6 f6 10. Bc1 a4 11. Bc2 Bb7 12. Be3 d5 13. O-O d4 14. Bd2 Qe7 15. cxd4 exd4 16. a3 g6 17. b3 f5 18. Re1 Ra7 19. Qf4 Qd6 20. Qxd6 Bxd6 21. exf5+ Kf8 22. fxg6 axb3 23. Bxb3 b4 24. a4 hxg6 25. Re6 Rh7 26. Rxg6 Bc6 27. Bg5 Rh8 28. Bf6 Be8 29. Rg5 Be7 30. Bg7# 1-0

[Event "Slovakian-ch Youth 2022"]
[Site "Lubovna"]
[Date "2022.05.28"]
[Round "9.5"]
[White "Kapec, Kristian"]
[Black "Gyerpal, Adrian"]
[Result "1/2-1/2"]
[WhiteElo "1902"]
[BlackElo "2171"]
[Annotator "TA"]
[PlyCount "93"]
[EventDate "2022.05.22"]
[EventCountry "SVK"]
[SourceTitle "playchess.com"]
[Source "ChessBase"]
[SourceQuality "1"]

1. e4 e5 2. Nf3 Nc6 3. d4 exd4 4. Bc4 Nf6 5. e5 d5 6. Bb5 Ne4 7. Nxd4 Bd7 8. Nxc6 bxc6 9. Bd3 Qh4 10. g3 Qh3 11. Bxe4 dxe4 12. Qe2 Bc5 13. Be3 Be7 14. Nd2 O-O 15. Qf1 Qe6 16. Qc4 Qxe5 17. Qxe4 Qxb2 18. Rb1 Qf6 19. O-O Bf5 20. Bd4 Bxe4 21. Bxf6 Bxf6 22. Nxe4 Be5 23. Rb7 Rfd8 24. Rfb1 h6 25. Kf1 Rd4 26. R1b4 Rxb4 27. Rxb4 Rd8 28. f4 Bd4 29. Rc4 Bb6 30. Rxc6 Rd4 31. Nc3 a6 32. Ne2 Rd1+ 33. Kg2 Kf8 34. Rc4 Rd2 35. Kf3 g6 36. Rc3 Rd1 37. h3 Rf1+ 38. Ke4 f5+ 39. Kd5 Ke7 40. Nd4 Bxd4 41. Kxd4 Kd6 42. Ra3 c6 43. Rd3 Ra1 44. Kc4+ Kc7 45. Ra3 Rc1 46. Rc3 Ra1 47. Ra3 1/2-1/2

[Event "Slovakian-ch Youth 2022"]
[Site "Lubovna"]
[Date "2022.05.28"]
[Round "9.5"]
[White "Benci, Jozef"]
[Black "Hasala, Richard"]
[Result "1/2-1/2"]
[WhiteElo "1873"]
[BlackElo "1318"]
[Annotator "NA RC COMBH"]
[PlyCount "88"]
[EventDate "2022.05.22"]
[EventCountry "SVK"]
[SourceTitle "playchess.com"]
[Source "ChessBase"]
[SourceQuality "1"]

1. Nf3 Nf6 2. g3 d5 3. Bg2 Bf5 4. d3 h6 5. Nbd2 e6 6. O-O c5 7. c4 Nc6 8. b3 Bd6 9. Bb2 O-O 10. a3 d4 11. Ra2 Qe7 12. Qa1 e5 13. Qb1 Bh7 14. Ne4 Nxe4 15. dxe4 f5 16. Nd2 f4 17. Qd3 fxg3 18. hxg3 h5 19. Nf3 Kh8 20. Bc1 Rg8 21. Ng5 Raf8 22. Nxh7 Kxh7 23. Bf3 g6 24. Qd2 Kg7 25. Qg5 Qxg5 26. Bxg5 Nd8 27. Bxd8 Rxd8 28. b4 a6 29. Rb1 b6 30. bxc5 Bxc5 31. a4 a5 32. Rd2 Bb4 33. Rd3 Rd6 34. e3 Rc8 35. exd4 Rxd4 36. Rxd4 exd4 37. Be2 Kf6 38. Bd3 Rh8 39. Kg2 Re8 40. Rh1 Bc5 41. f4 Re7 42. e5+ Kf7 43. g4 g5 44. Rxh5 gxf4 1/2-1/2

[Event "Slovakian-ch Youth 2022"]
[Site "Lubovna"]
[Date "2022.05.28"]
[Round "9.6"]
[White "Vadila, Ondrej"]
[Black "Bochnicka, Vladimir"]
[Result "0-1"]
[WhiteElo "2082"]
[BlackElo "2267"]
[Annotator "TA"]
[PlyCount "82"]
[EventDate "2022.05.22"]
[EventCountry "SVK"]
[SourceTitle "playchess.com"]
[Source "ChessBase"]
[SourceQuality "1"]

1. d4 Nf6 2. Bf4 d5 3. e3 e6 4. Nd2 Bd6 5. Bg3 O-O 6. Ngf3 b6 7. Ne5 Bb7 8. Bd3 Nbd7 9. Qe2 Ne4 10. Nxd7 Qxd7 11. Nxe4 dxe4 12. Bc4 Qe7 13. O-O-O a6 14. f3 b5 15. Bb3 Qg5 16. Bxd6 cxd6 17. h4 Qh5 18. d5 e5 19. g4 exf3 20. Qxf3 Qg6 21. c3 f5 22. g5 h5 23. gxh6 Qxh6 24. Rhg1 e4 25. Qh3 Bc8 26. Qg3 f4 27. exf4 Qxf4+ 28. Qxf4 Rxf4 29. Rg6 Rf6 30. Rdg1 Rxg6 31. Rxg6 Bf5 32. Rxd6 e3 33. Bd1 Re8 34. Be2 Re4 35. Rd8+ Kf7 36. d6 Rxh4 37. d7 Rh1+ 38. Bd1 Ke7 39. Rg8 Kxd7 40. Rxg7+ Kd6 41. Rg2 Bg4 0-1

[Event "Slovakian-ch Youth 2022"]
[Site "Lubovna"]
[Date "2022.05.28"]
[Round "9.6"]
[White "Visvader, Kristof"]
[Black "Krivosik, Matus"]
[Result "1/2-1/2"]
[WhiteElo "1607"]
[BlackElo "1224"]
[Annotator "NA RC COMBH"]
[PlyCount "80"]
[EventDate "2022.05.22"]
[EventCountry "SVK"]
[SourceTitle "playchess.com"]
[Source "ChessBase"]
[SourceQuality "1"]

1. d4 d5 2. c4 c6 3. Nc3 e6 4. Nf3 Bb4 5. Bf4 Nf6 6. e3 O-O 7. Qb3 Bxc3+ 8. Qxc3 Ne4 9. Qa3 Nd7 10. Bd3 Ndf6 11. c5 Nh5 12. Bg3 b6 13. Bh4 Qc7 14. Bxe4 dxe4 15. Ne5 Bb7 16. cxb6 axb6 17. Qe7 Qxe7 18. Bxe7 Rfe8 19. Ba3 Nf6 20. Nc4 Nd5 21. Nd6 Reb8 22. Nxb7 Rxb7 23. Bd6 Rd7 24. Bg3 Nb4 25. Kd2 Rxa2 26. Rxa2 Nxa2 27. Ra1 Ra7 28. Bb8 Ra6 29. Bc7 b5 30. Bd6 Nb4 31. Rxa6 Nxa6 32. f3 exf3 33. gxf3 f6 34. Kd3 Kf7 35. Ke4 Ke8 36. Kf4 Kd7 37. Bf8 g6 38. b4 Ke8 39. Bd6 Kd7 40. Bf8 Ke8 1/2-1/2

[Event "Slovakian-ch Youth 2022"]
[Site "Lubovna"]
[Date "2022.05.28"]
[Round "9.7"]
[White "Zdrazil, Patrik"]
[Black "Chlpek, Daniel"]
[Result "1/2-1/2"]
[WhiteElo "1997"]
[BlackElo "2030"]
[Annotator "TA"]
[PlyCount "20"]
[EventDate "2022.05.22"]
[EventCountry "SVK"]
[SourceTitle "playchess.com"]
[Source "ChessBase"]
[SourceQuality "1"]

1. e4 e6 2. d4 d5 3. exd5 exd5 4. Bd3 Bd6 5. Nf3 Nf6 6. O-O O-O 7. c3 c6 8. h3 h6 9. Qc2 Qc7 10. Nbd2 Nbd7 1/2-1/2

[Event "Slovakian-ch Youth 2022"]
[Site "Lubovna"]
[Date "2022.05.28"]
[Round "9.7"]
[White "Pongo, Aron"]
[Black "Demjan, David"]
[Result "1-0"]
[WhiteElo "1566"]
[BlackElo "1375"]
[Annotator "NA RC COMBH"]
[PlyCount "44"]
[EventDate "2022.05.22"]
[EventCountry "SVK"]
[SourceTitle "playchess.com"]
[Source "ChessBase"]
[SourceQuality "1"]

1. d4 Nf6 2. c4 g6 3. Nc3 d5 4. cxd5 Nxd5 5. e4 Nxc3 6. bxc3 Bg7 7. Bc4 c5 8. Ne2 cxd4 9. cxd4 Nc6 10. Be3 O-O 11. O-O b6 12. Rc1 Bb7 13. f3 Rc8 14. Qd2 e6 15. Rfd1 Na5 16. Bb5 Rxc1 17. Rxc1 a6 18. Bd3 Qd7 19. Qb4 Qd8 20. d5 exd5 21. Bxb6 Nc6 22. Rxc6 Bxc6 1-0

[Event "Slovakian-ch Youth 2022"]
[Site "Lubovna"]
[Date "2022.05.28"]
[Round "9.8"]
[White "Nadzamova, Viktoria"]
[Black "Valko, Michal"]
[Result "1-0"]
[WhiteElo "2135"]
[BlackElo "1906"]
[Annotator "TA"]
[PlyCount "65"]
[EventDate "2022.05.22"]
[EventCountry "SVK"]
[SourceTitle "playchess.com"]
[Source "ChessBase"]
[SourceQuality "1"]

1. d4 d5 2. Nf3 Nc6 3. g3 Bf5 4. a3 e6 5. Bg2 h5 6. h4 Qf6 7. Bf4 Qg6 8. c3 O-O-O 9. Nbd2 Bc2 10. Qc1 f6 11. b4 Nh6 12. Ra2 Ba4 13. c4 Ng4 14. b5 Nxd4 15. Nxd4 e5 16. Ne6 exf4 17. cxd5 Bd6 18. Ne4 Kb8 19. Nxd6 cxd6 20. O-O Rd7 21. Nxf4 Qf5 22. Qc4 g5 23. Ne6 Bd1 24. e4 Qg6 25. Rxd1 gxh4 26. Qb3 hxg3 27. Qxg3 h4 28. Qh3 Rg8 29. Kf1 Qh5 30. Re1 Qe5 31. f4 Qh5 32. Bf3 f5 33. Rg2 1-0

[Event "Slovakian-ch Youth 2022"]
[Site "Lubovna"]
[Date "2022.05.28"]
[Round "9.8"]
[White "Paholok, Adam"]
[Black "Gay, Lukas"]
[Result "1-0"]
[WhiteElo "1449"]
[BlackElo "1480"]
[Annotator "NA RC COMBH"]
[PlyCount "41"]
[EventDate "2022.05.22"]
[EventCountry "SVK"]
[SourceTitle "playchess.com"]
[Source "ChessBase"]
[SourceQuality "1"]

1. e4 d5 2. exd5 Qxd5 3. Nc3 Qd6 4. d4 Nf6 5. Nf3 g6 6. g3 Bg7 7. Bg2 Qa6 8. Bf4 c6 9. Qd2 O-O 10. Bf1 Qa5 11. Bg2 Rd8 12. O-O Nd5 13. Nxd5 Qxd2 14. Nxe7+ Kf8 15. Nxd2 Kxe7 16. c3 Bf5 17. Ne4 Nd7 18. Rfe1 Be6 19. Ng5 h6 20. Nxe6 fxe6 21. Bh3 1-0

[Event "Slovakian-ch Youth 2022"]
[Site "Lubovna"]
[Date "2022.05.28"]
[Round "9.9"]
[White "Petrek, Dominik"]
[Black "Kostelansky, Karol"]
[Result "0-1"]
[WhiteElo "2110"]
[BlackElo "1821"]
[Annotator "TA"]
[PlyCount "81"]
[EventDate "2022.05.22"]
[EventCountry "SVK"]
[SourceTitle "playchess.com"]
[Source "ChessBase"]
[SourceQuality "1"]

1. d4 d5 2. Nf3 c6 3. c4 e6 4. Nc3 f5 5. g3 Nf6 6. Bg2 Bd6 7. O-O O-O 8. b3 Qe7 9. Bb2 a5 10. e3 Ne4 11. Ne2 b5 12. Ne5 b4 13. f3 Nf6 14. Nf4 Ba6 15. Rf2 Nfd7 16. Rc1 Bxe5 17. dxe5 dxc4 18. bxc4 Nb6 19. c5 Nc4 20. Qb3 g5 21. Nxe6 a4 22. Qxa4 Qxe6 23. Qb3 Re8 24. f4 gxf4 25. exf4 Nd7 26. Bd4 Bb5 27. g4 Ra3 28. Qxb4 Rea8 29. Qb1 Rf8 30. Kh1 Ne3 31. Bxe3 Rxe3 32. gxf5 Qxf5 33. a4 Qxb1 34. Rxb1 Bxa4 35. e6 Rxe6 36. Bh3 Re7 37. Rg2+ Kh8 38. f5 Nf6 39. Rb4 Bd1 40. Rd2 Bf3+ 41. Bg2 0-1

[Event "Slovakian-ch Youth 2022"]
[Site "Lubovna"]
[Date "2022.05.28"]
[Round "9.9"]
[White "Carnecky, Viliam"]
[Black "Hudak, Jan"]
[Result "1/2-1/2"]
[WhiteElo "1380"]
[BlackElo "1688"]
[Annotator "NA RC COMBH"]
[PlyCount "99"]
[EventDate "2022.05.22"]
[EventCountry "SVK"]
[SourceTitle "playchess.com"]
[Source "ChessBase"]
[SourceQuality "1"]

1. e4 c5 2. f4 d6 3. Nf3 Nf6 4. Nc3 g6 5. Bc4 Bg7 6. d3 Nc6 7. Bb5 Bd7 8. Bxc6 Bxc6 9. O-O O-O 10. Qe1 Qc8 11. h3 Ne8 12. Qh4 f5 13. exf5 Bf6 14. Ng5 Bxg5 15. Qxg5 Qxf5 16. Qxe7 Rf7 17. Qe2 Ng7 18. Bd2 Re8 19. Qf2 Ne6 20. Ne2 c4 21. Ng3 Qd5 22. dxc4 Qxc4 23. c3 Ref8 24. b3 Qa6 25. Ne2 Qd3 26. Qe3 Qd5 27. Rf2 Ng5 28. Rd1 Re8 29. c4 Qf5 30. fxg5 Rxe3 31. Rxf5 Rxe2 32. Rxf7 Rxg2+ 33. Kf1 Kxf7 34. Bf4 Rxa2 35. Bxd6 Bg2+ 36. Ke1 Bxh3 37. Be5 b5 38. cxb5 Ra5 39. Ra1 Rxa1+ 40. Bxa1 Bd7 41. Bd4 Bxb5 42. Bxa7 Ke6 43. b4 Kf5 44. Be3 Ke4 45. Kd2 Bc6 46. Bc5 Kf5 47. Be7 Ke6 48. Bd8 Kf5 49. Kc3 Kg4 50. Kc4 1/2-1/2

[Event "Slovakian-ch Youth 2022"]
[Site "Lubovna"]
[Date "2022.05.28"]
[Round "9.10"]
[White "Tokarcik, Jan"]
[Black "Cerven, Samuel"]
[Result "0-1"]
[WhiteElo "1313"]
[BlackElo "1353"]
[Annotator "NA RC COMBH"]
[PlyCount "76"]
[EventDate "2022.05.22"]
[EventCountry "SVK"]
[SourceTitle "playchess.com"]
[Source "ChessBase"]
[SourceQuality "1"]

1. e4 d5 2. exd5 Qxd5 3. Nc3 Qd8 4. d4 Nf6 5. Nf3 Bg4 6. Be2 e6 7. a3 c6 8. Bg5 Be7 9. O-O O-O 10. h3 Bh5 11. Qd2 Nbd7 12. Rad1 Nb6 13. Rfe1 Nbd5 14. Nxd5 cxd5 15. Bxf6 Bxf6 16. Ne5 Bxe2 17. Rxe2 Qc7 18. Rc1 Rfc8 19. b3 Qc3 20. Qxc3 Rxc3 21. f4 Rac8 22. Kf1 Rxb3 23. cxb3 Rxc1+ 24. Kf2 Rc3 25. Re3 Rxe3 26. Kxe3 Bxe5 27. fxe5 b5 28. b4 f5 29. Kf4 Kf7 30. Kg5 Ke7 31. g3 Kf7 32. h4 Ke7 33. h5 Kf7 34. Kh4 h6 35. Kh3 g6 36. Kh4 gxh5 37. Kxh5 Kg7 38. Kh4 Kg6 0-1

[Event "Slovakian-ch Youth 2022"]
[Site "Lubovna"]
[Date "2022.05.28"]
[Round "9.11"]
[White "Kostura, Daniel"]
[Black "Sokolovsky, Jakub"]
[Result "0-1"]
[WhiteElo "1510"]
[BlackElo "1613"]
[Annotator "NA RC COMBH"]
[PlyCount "46"]
[EventDate "2022.05.22"]
[EventCountry "SVK"]
[SourceTitle "playchess.com"]
[Source "ChessBase"]
[SourceQuality "1"]

1. d4 Nf6 2. Nf3 d5 3. c4 e6 4. Bg5 Be7 5. Bxf6 Bxf6 6. e3 c5 7. cxd5 exd5 8. Be2 Nc6 9. O-O O-O 10. Nc3 cxd4 11. Nxd4 Nxd4 12. exd4 Re8 13. Bf3 Be6 14. Qa4 Qb6 15. Qb5 Bxd4 16. Bxd5 Qxb5 17. Nxb5 Bxd5 18. Nc7 Bc4 19. Rfd1 Bb6 20. Nxa8 Rxa8 21. Rd7 Rb8 22. Rc1 Be6 23. Re7 Kf8 0-1

[Event "Slovakian-ch Youth 2022"]
[Site "Lubovna"]
[Date "2022.05.28"]
[Round "9.11"]
[White "Kudela, Oliver"]
[Black "Vida, Gergo"]
[Result "0-1"]
[WhiteElo "1344"]
[BlackElo "1821"]
[Annotator "NA RC COMBH"]
[PlyCount "82"]
[EventDate "2022.05.22"]
[EventCountry "SVK"]
[SourceTitle "playchess.com"]
[Source "ChessBase"]
[SourceQuality "1"]

1. e4 c5 2. Nf3 d6 3. d4 cxd4 4. Nxd4 Nf6 5. Nc3 g6 6. Be3 Ng4 7. Bd2 a6 8. f3 Nf6 9. Be3 Bg7 10. Qd2 Nc6 11. Nxc6 bxc6 12. Bh6 O-O 13. Bxg7 Kxg7 14. Bc4 Nd7 15. h4 h5 16. Bb3 Ne5 17. O-O-O Rh8 18. Qf4 Qc7 19. Qg3 a5 20. Rdf1 Bd7 21. f4 Ng4 22. f5 Rhf8 23. fxg6 fxg6 24. Rf3 Ne5 25. Rff1 Qc8 26. Qg5 Qe8 27. Rf4 Rxf4 28. Qxf4 Qf8 29. Rf1 Qxf4+ 30. Rxf4 Rf8 31. Rxf8 Kxf8 32. Kd2 Kg7 33. Ke3 Kf6 34. Ne2 Be6 35. Bxe6 Kxe6 36. b3 Kf6 37. Kf4 Ng4 38. Nd4 e5+ 39. Kf3 exd4 40. a4 c5 41. g3 Ke5 0-1

[Event "Slovakian-ch Youth 2022"]
[Site "Lubovna"]
[Date "2022.05.28"]
[Round "9.12"]
[White "Toth, Marton"]
[Black "Gourlay, Martin B"]
[Result "1-0"]
[WhiteElo "1849"]
[BlackElo "1911"]
[Annotator "TA"]
[PlyCount "51"]
[EventDate "2022.05.22"]
[EventCountry "SVK"]
[SourceTitle "playchess.com"]
[Source "ChessBase"]
[SourceQuality "1"]

1. d4 c6 2. c4 d5 3. Nf3 Nf6 4. e3 Bf5 5. Bd3 Bxd3 6. Qxd3 e6 7. cxd5 exd5 8. Nc3 Nbd7 9. a3 Bd6 10. b4 b5 11. O-O a5 12. e4 dxe4 13. Nxe4 Be7 14. Bd2 axb4 15. axb4 O-O 16. Rxa8 Qxa8 17. Bg5 Bxb4 18. Nxf6+ Nxf6 19. Ne5 Nd5 20. Rc1 Rc8 21. Qb3 f6 22. Nxc6 fxg5 23. Qxd5+ Kh8 24. Qxb5 Bd2 25. Rb1 Rxc6 26. Qxc6 1-0

[Event "Slovakian-ch Youth 2022"]
[Site "Lubovna"]
[Date "2022.05.28"]
[Round "9.12"]
[White "Mederly, Jan"]
[Black "Rybiansky, Jergus"]
[Result "1-0"]
[WhiteElo "1446"]
[BlackElo "1379"]
[Annotator "NA RC COMBH"]
[PlyCount "47"]
[EventDate "2022.05.22"]
[EventCountry "SVK"]
[SourceTitle "playchess.com"]
[Source "ChessBase"]
[SourceQuality "1"]

1. d4 d5 2. Nc3 Nf6 3. Bf4 c6 4. e3 Bf5 5. f3 e6 6. g4 Bg6 7. h4 h6 8. Bd3 Bxd3 9. Qxd3 Bd6 10. Nge2 Qc7 11. O-O-O Nbd7 12. Bxd6 Qxd6 13. Nf4 O-O-O 14. g5 Ng8 15. g6 f6 16. Nh5 Qf8 17. Ne2 e5 18. Neg3 Ne7 19. Nf5 Nxf5 20. Qxf5 Qe7 21. Rhe1 Rhg8 22. e4 Kc7 23. exd5 cxd5 24. Nf4 1-0

[Event "Slovakian-ch Youth 2022"]
[Site "Lubovna"]
[Date "2022.05.28"]
[Round "9.13"]
[White "Cedzo, Adam"]
[Black "Svorad Tomas"]
[Result "1-0"]
[WhiteElo "1869"]
[BlackElo "1405"]
[Annotator "NA RC COMBH"]
[PlyCount "57"]
[EventDate "2022.05.22"]
[EventCountry "SVK"]
[SourceTitle "playchess.com"]
[Source "ChessBase"]
[SourceQuality "1"]

1. e4 e5 2. f4 d5 3. Nf3 Nc6 4. exd5 Nb4 5. Nxe5 Qe7 6. Bb5+ c6 7. dxc6 bxc6 8. Be2 f6 9. Nf3 Bg4 10. a3 Bxf3 11. gxf3 Nd5 12. d4 Rd8 13. Qd3 Qd6 14. Nc3 Nxf4 15. Qe4+ Ne6 16. Bc4 Kd7 17. Qxe6+ Qxe6+ 18. Bxe6+ Kxe6 19. Be3 Bd6 20. O-O-O Kf7 21. d5 Ne7 22. Bxa7 cxd5 23. Be3 Nf5 24. Nxd5 Nxe3 25. Nxe3 Bf4 26. Rxd8 Bxe3+ 27. Rd2 Rd8 28. Rhd1 Ke6 29. Re1 1-0

[Event "Slovakian-ch Youth 2022"]
[Site "Lubovna"]
[Date "2022.05.28"]
[Round "9.13"]
[White "Kurimsky, Kristian"]
[Black "Kluska, Lukas"]
[Result "1-0"]
[WhiteElo "1006"]
[BlackElo "1215"]
[Annotator "NA COMBH"]
[PlyCount "47"]
[EventDate "2022.05.22"]
[EventCountry "SVK"]
[SourceTitle "playchess.com"]
[Source "ChessBase"]
[SourceQuality "1"]

1. d4 d5 2. Bf4 Nf6 3. e3 e6 4. Bd3 c5 5. Nd2 c4 6. Be2 Nc6 7. c3 Be7 8. b3 b5 9. a4 Ba6 10. axb5 Bxb5 11. bxc4 Bxc4 12. Nxc4 dxc4 13. Bxc4 O-O 14. Nf3 Rb8 15. Bxb8 Qxb8 16. Rb1 Qc7 17. Ra1 a5 18. Qb1 Ra8 19. Ng5 a4 20. e4 g6 21. O-O Qa5 22. Qb7 Qxg5 23. Qxa8+ Nd8 24. d5 1-0

[Event "Slovakian-ch Youth 2022"]
[Site "Lubovna"]
[Date "2022.05.28"]
[Round "9.14"]
[White "Chovanec, Adrian"]
[Black "Babjak, Samuel"]
[Result "0-1"]
[WhiteElo "1498"]
[BlackElo "1577"]
[Annotator "NA RC COMBH"]
[PlyCount "46"]
[EventDate "2022.05.22"]
[EventCountry "SVK"]
[SourceTitle "playchess.com"]
[Source "ChessBase"]
[SourceQuality "1"]

1. e4 c5 2. Nf3 Nc6 3. Bc4 e6 4. O-O a6 5. a3 b5 6. Ba2 Nf6 7. Re1 Qc7 8. h3 d6 9. d3 Be7 10. Qe2 Bb7 11. e5 dxe5 12. Nxe5 Nxe5 13. Qxe5 Qc6 14. f3 Bd6 15. Qe2 Bc7 16. Qf2 Nh5 17. f4 Bxf4 18. Bxf4 Nxf4 19. Re4 g5 20. Nd2 f5 21. Qxf4 gxf4 22. Rxe6+ Kd7 23. Rxc6 Bxc6 0-1

[Event "Slovakian-ch Youth 2022"]
[Site "Lubovna"]
[Date "2022.05.28"]
[Round "9.14"]
[White "Valchev, Martin V"]
[Black "Ammer, Erik"]
[Result "0-1"]
[WhiteElo "1193"]
[BlackElo "1320"]
[Annotator "NA COMBH"]
[PlyCount "112"]
[EventDate "2022.05.22"]
[EventCountry "SVK"]
[SourceTitle "playchess.com"]
[Source "ChessBase"]
[SourceQuality "1"]

1. e4 e5 2. Nc3 Nf6 3. Nf3 Nc6 4. Bb5 d6 5. O-O Be7 6. d3 Bg4 7. Bg5 O-O 8. Bxc6 bxc6 9. d4 exd4 10. Qxd4 Bxf3 11. gxf3 Nh5 12. f4 Bxg5 13. fxg5 Qxg5+ 14. Kh1 f5 15. Rg1 Qf4 16. Rg2 c5 17. Qd5+ Kh8 18. Rag1 Qf3 19. exf5 Qxf5 20. Qxf5 Rxf5 21. Rg5 Raf8 22. Nd5 Nf4 23. Rxf5 Rxf5 24. Re1 h6 25. Nxc7 Nh3 26. Kg2 Nf4+ 27. Kg3 Nh5+ 28. Kg4 g6 29. Re8+ Kg7 30. Ne6+ Kf7 31. Rf8+ Kxe6 32. Rxf5 Nf6+ 33. Rxf6+ Kxf6 34. f4 d5 35. b3 h5+ 36. Kg3 Kf5 37. h4 Ke4 38. a3 a5 39. c3 Ke3 40. b4 cxb4 41. cxb4 axb4 42. axb4 d4 43. b5 d3 44. b6 d2 45. b7 d1=Q 46. b8=Q Qf3+ 47. Kh2 Qxf4+ 48. Qxf4+ Kxf4 49. Kh3 Kf3 50. Kh2 Kg4 51. Kg2 Kxh4 52. Kh2 g5 53. Kg2 g4 54. Kh2 g3+ 55. Kg2 Kg4 56. Kf1 Kf3 0-1

[Event "Slovakian-ch Youth 2022"]
[Site "Lubovna"]
[Date "2022.05.28"]
[Round "9.15"]
[White "Skreko, Igor"]
[Black "Baron, Patrik"]
[Result "1-0"]
[WhiteElo "2065"]
[BlackElo "1740"]
[Annotator "TA"]
[PlyCount "55"]
[EventDate "2022.05.22"]
[EventCountry "SVK"]
[SourceTitle "playchess.com"]
[Source "ChessBase"]
[SourceQuality "1"]

1. d4 d5 2. c4 e6 3. Nc3 Nf6 4. cxd5 Nxd5 5. Bd2 Bb4 6. e4 Nxc3 7. bxc3 Be7 8. Nf3 c5 9. Qa4+ Bd7 10. Qb3 b6 11. Bd3 cxd4 12. cxd4 O-O 13. O-O Bc8 14. Rac1 Ba6 15. Rc2 Bxd3 16. Qxd3 Nd7 17. Rfc1 Nf6 18. Ne5 Bd6 19. Nc6 Qd7 20. e5 Bc5 21. exf6 Qxc6 22. Qg3 g6 23. dxc5 Rac8 24. Qg5 Kh8 25. Qh6 Rg8 26. Rc3 bxc5 27. Qxh7+ Kxh7 28. Rh3# 1-0

[Event "Slovakian-ch Youth 2022"]
[Site "Lubovna"]
[Date "2022.05.28"]
[Round "9.15"]
[White "Otahal, Kristian"]
[Black "Horvath, Simon"]
[Result "1/2-1/2"]
[WhiteElo "1000"]
[BlackElo "1343"]
[Annotator "NA COMBH"]
[PlyCount "37"]
[EventDate "2022.05.22"]
[EventCountry "SVK"]
[SourceTitle "playchess.com"]
[Source "ChessBase"]
[SourceQuality "1"]

1. e4 e5 2. Nf3 Nc6 3. d4 Bd6 4. Bc4 exd4 5. Ng5 Nh6 6. O-O O-O 7. Qd3 Bc5 8. Nf3 d6 9. Bxh6 gxh6 10. c3 dxc3 11. Nxc3 Bg4 12. Nd5 Nb4 13. Qc3 Nxd5 14. Bxd5 c6 15. Bb3 Re8 16. Rfe1 Re7 17. Rac1 Qb6 18. Re2 Rae8 19. Bc2 1/2-1/2

[Event "Slovakian-ch Youth 2022"]
[Site "Lubovna"]
[Date "2022.05.28"]
[Round "9.16"]
[White "Rakovsky, Jakub"]
[Black "Compel, Daniel"]
[Result "1/2-1/2"]
[WhiteElo "1888"]
[BlackElo "2106"]
[Annotator "TA"]
[PlyCount "78"]
[EventDate "2022.05.22"]
[EventCountry "SVK"]
[SourceTitle "playchess.com"]
[Source "ChessBase"]
[SourceQuality "1"]

1. e4 c5 2. Nf3 d6 3. Bb5+ Nd7 4. d4 cxd4 5. Nxd4 Ngf6 6. O-O a6 7. Bd3 e6 8. Nc3 Be7 9. a4 O-O 10. Re1 Qc7 11. Bd2 b6 12. f3 Bb7 13. Bf1 Rac8 14. Be3 Ne5 15. Nb3 Nc6 16. a5 b5 17. f4 Nb4 18. Bb6 Qb8 19. Kh1 d5 20. e5 Ne4 21. Nxe4 dxe4 22. c3 Nd5 23. Be3 Rfd8 24. Qg4 Nxe3 25. Rxe3 Bd5 26. Nd4 Bc5 27. b4 Bxd4 28. cxd4 Qa7 29. Rd1 Bb7 30. Rg3 g6 31. f5 exf5 32. Qxf5 Rxd4 33. e6 Rf8 34. Rc1 Rd5 35. exf7+ Rxf7 36. Qxe4 Rdf5 37. Qe8+ Kg7 38. Bd3 R5f6 39. Qe5 Qa8 1/2-1/2

[Event "Slovakian-ch Youth 2022"]
[Site "Lubovna"]
[Date "2022.05.28"]
[Round "9.16"]
[White "Kakus, Oliver"]
[Black "Rybovic, Alex"]
[Result "0-1"]
[WhiteElo "1000"]
[BlackElo "1000"]
[Annotator "NA COMBH"]
[PlyCount "110"]
[EventDate "2022.05.22"]
[EventCountry "SVK"]
[SourceTitle "playchess.com"]
[Source "ChessBase"]
[SourceQuality "1"]

1. c4 e5 2. Nf3 Nc6 3. Nc3 e4 4. Nxe4 Nf6 5. Neg5 Be7 6. e3 O-O 7. Be2 h6 8. Nh3 d6 9. O-O Bxh3 10. gxh3 Ne5 11. Nh4 Ne4 12. d3 Bxh4 13. dxe4 Qd7 14. f4 Nc6 15. Bg4 Qe7 16. b3 Qxe4 17. Qf3 Qxf3 18. Bxf3 Nb4 19. Bxb7 Nc2 20. Rb1 Rae8 21. Rb2 Nxe3 22. Bc6 Re7 23. Rf3 Nd1 24. Rd2 Re1+ 25. Rf1 Rxf1+ 26. Kxf1 Ne3+ 27. Kg1 f6 28. Re2 Nf5 29. Be4 Re8 30. Kf1 g6 31. Bd5+ Kf8 32. b4 Rxe2 33. Kxe2 c5 34. b5 g5 35. Be6 Nd4+ 36. Kd3 Nxe6 37. a4 gxf4 38. Ke2 Bg5 39. a5 f3+ 40. Kxf3 Bxc1 41. b6 axb6 42. axb6 Nd8 43. Ke4 Nb7 44. Kd5 f5 45. Kc6 Na5+ 46. Kc7 f4 47. Kxd6 Be3 48. Kd5 f3 49. Ke4 Bg1 50. Kxf3 Bxh2 51. Kg2 Bb8 52. Kf3 Ke7 53. Ke4 Kd6 54. Kd3 Kc6 55. Ke3 Nxc4+ 0-1

[Event "Slovakian-ch Youth 2022"]
[Site "Lubovna"]
[Date "2022.05.28"]
[Round "9.17"]
[White "Lovcican, Tomas"]
[Black "Rak, Martin"]
[Result "1/2-1/2"]
[WhiteElo "2024"]
[BlackElo "1849"]
[Annotator "TA"]
[PlyCount "27"]
[EventDate "2022.05.22"]
[EventCountry "SVK"]
[SourceTitle "playchess.com"]
[Source "ChessBase"]
[SourceQuality "1"]

1. d4 Nf6 2. c4 e6 3. Nf3 d5 4. g3 dxc4 5. Qa4+ Nbd7 6. Bg2 c6 7. Qxc4 Nb6 8. Qc2 Be7 9. Nc3 O-O 10. O-O Nbd5 11. a3 Re8 12. Ne5 Bd7 13. Rd1 Rc8 14. Ne4 1/2-1/2

[Event "Slovakian-ch Youth 2022"]
[Site "Lubovna"]
[Date "2022.05.28"]
[Round "9.18"]
[White "Sandor, Samuel"]
[Black "Janik, Marek Tobias"]
[Result "1-0"]
[WhiteElo "2054"]
[BlackElo "1840"]
[Annotator "TA"]
[PlyCount "63"]
[EventDate "2022.05.22"]
[EventCountry "SVK"]
[SourceTitle "playchess.com"]
[Source "ChessBase"]
[SourceQuality "1"]

1. d4 d5 2. Bf4 e6 3. e3 Bd6 4. Bg3 f5 5. c4 Nf6 6. Nc3 Nbd7 7. Nf3 b6 8. Qb3 Bb7 9. Rc1 Rb8 10. Bxd6 cxd6 11. Nb5 O-O 12. Nxd6 Ba8 13. Qa3 Ne4 14. Nb5 a5 15. Be2 g5 16. O-O g4 17. Ne5 Nxe5 18. dxe5 Qg5 19. Nc7 Qg6 20. Qe7 Ng5 21. cxd5 Rf7 22. Qd6 Rxc7 23. Qxc7 Rf8 24. dxe6 Nh3+ 25. Kh1 f4 26. e7 Re8 27. Bb5 Bxg2+ 28. Kxg2 Qe4+ 29. f3 gxf3+ 30. Rxf3 Ng5 31. Qc4+ Qxc4 32. Bxc4+ 1-0